| 000 | 01603nam0a2200349 4500 | ||
|---|---|---|---|
| 001 | RU\NLR\bibl\1878244 | ||
| 005 | 20260405174700.0 | ||
| 010 |
_a978-5-8459-1701-0 _91500 |
||
| 021 |
_aRU _b2012-11217 _9845 |
||
| 035 | _a(NLR Aleph) 001868034 | ||
| 090 |
_a2622612 _c2622612 |
||
| 100 | _a20120311d2011 |||y0rusy50 ca | ||
| 101 | 1 |
_arus _ceng |
|
| 102 |
_aRU _aUA |
||
| 105 | _aa ||||||||| | ||
| 200 | 1 |
_aLINQ _eязык интегрированных запросов в C# 2010 для профессионалов _fАдам Фримен, Джозеф Раттц-мл. _g[пер. с англ. Н.А. Мухина] |
|
| 210 |
_aМосква [и др.] _cВильямс _d2011 |
||
| 215 |
_a649 с. _cил. _d24 |
||
| 300 | _aЗагл. и авт. ориг.: Pro LINQ language integrated query in C# 2010 / Adam Freeman and Joseph C. Rattz, jr. | ||
| 320 | _aПредм. указ.: с. 647-649 | ||
| 454 | 0 |
_12001#$aPro LINQ language integrated query in C# 2010$fAdam Freeman and Joseph C. Rattz, jr. _1700#1$aFreeman$bA.$gAdam$4070 _1701#1$3RU\NLR\auth\7775882$7ba$aRattz$bJ. C.$cjr.$gJoseph$4070 _tPro LINQ language integrated query in C# 2010 _aFreeman, Adam |
|
| 606 | 1 |
_aLINQ, язык программирования _92551005 _3RU\NLR\auth\661509520 |
|
| 686 | _aЗ973.23-018.1 | ||
| 700 | 1 |
_aФримен _bА. _gАдам _4070 |
|
| 701 | 1 |
_4070 _8rus _7ca _aРаттц _bД. С. _cмл. _gДжозеф С. _3RU\NLR\auth\7775877 _958805 |
|
| 801 | 0 |
_aRU _bNLR _c20120311 _gRCR |
|
| 801 | 1 |
_aRU _bNLR _c20120311 |
|
| 942 | _cBOOK | ||
| 980 | _aNB | ||
| 980 | _aNBR | ||